Agricultural land market in Slovakia in years 2001-2008

Výsledky analýz monitorovania kúpno-predajných cien poľnohospodárskej pôdy podľa zavkladovaných zmlúv v Katastri nehnuteľností v rokoch 2001-2008. Priemerná cena predávaných pozemkov je do značnej miery ovplyvnená ich veľkosťou, polohou a účelom ďalšieho využitia.

Salvato in:
Dettagli Bibliografici
Autore principale: Buday, Štefan
Natura: Capitolo di libro
Lingua:inglese
Soggetti:
Tags: Aggiungi Tag
Nessun Tag, puoi essere il primo ad aggiungerne!!

MARC

LEADER 00000naa a2200000 4500
001 0158272
005 20231211065851.3
041 0 |a eng 
044 |a CZ 
245 1 0 |a Agricultural land market in Slovakia in years 2001-2008  |c Štefan Buday 
520 |a Výsledky analýz monitorovania kúpno-predajných cien poľnohospodárskej pôdy podľa zavkladovaných zmlúv v Katastri nehnuteľností v rokoch 2001-2008. Priemerná cena predávaných pozemkov je do značnej miery ovplyvnená ich veľkosťou, polohou a účelom ďalšieho využitia. 
610 2 0 |a pôda poľnohospodárska 
610 2 0 |a trh 
610 2 0 |a cena pôdy 
610 2 0 |a politika pozemková 
610 2 0 |a Slovensko 
100 1 |a Buday, Štefan